Las chicas de alambre / (Registro nro. 11133)

Detalles MARC
000 -LIDER
fixed length control field 00775nam a2200289 b 4500
001 - NÚMERO DE CONTROL
Identificador de número de control 0000603
003 - IDENTIFICACDOR DE NÚMERO DE CONTROL
control field DO-SdBNP
005 - DATE AND TIME OF LATEST TRANSACTION
control field 20180118111352.0
007 - CAMPOS FIJOS DE DESCRIPCIÓN FÍSICA
fixed length control field 0000603
008 - ELEMENTOS DE LONGITUD FIJA
fixed length control field 040607s 2008 sp ||| ||spa
017 ## - NÚMERO DE REGISTRO DE DERECHOS DE AUTOR
Copyright or legal deposit number
Assigning agency
020 ## - ISBN
International Standard Book Number 9788420449159
035 ## - NÚMERO LOCAL
System control number
040 ## - FUENTE DE CATALOGACIÓN
Agencia que crea de manera original el registro BPMSU
Idioma de catalogación spa
Agencia que realiza la transcripción BPMSU
Convenciones de la despripción
080 #0 - NÚMERO DE CLASIFICACIÓN DECIMAL UNIVERSAL
Universal Decimal Classification number
100 ## - ASIENTO PRINCIPAL -- NOMBRE PERSONAL
Nombre personal Sierra i Fabra, Jordi
Fechas asociadas con el nombre 1947-
245 14 - MENCIÓN DE TITULO
Título Las chicas de alambre /
Medio (Designación general de material)
Mención de responsabilidad Jordi Sierra i Fabra
250 ## - MENCIÓN DE EDICION
Mención de edición 22a. ed.
260 ## - PUBLICACIÓN, DISTRIBUCIÓN, ETC. (PIE DE IMPRENTA)
Lugar de publicación, distribución, etc Madrid :
Nombre del editor, distribuidor, etc. Alfaguara,
-- Santillana ediciones generales,
Fecha de publicación, distribución, etc 2008.
300 ## - DESCRIPCIÓN FÍSICA
Extensión 220 p. :
Dimensiones 22 cm
490 ## - MENCIÓN DE SERIES
Mención de serie Roja
500 ## - NOTA GENERAL
Nota general Incluye datos biográficos del autor.
830 ## - ASIENTO SECUNDARIO DE SERIE--TÍTULO UNIFORME
Título uniforme Roja
942 ## - ADDED ENTRY ELEMENTS (KOHA)
Source of classification or shelving scheme Dewey Decimal Classification
Koha item type Libros
945 ## - INFORMACIÓN DE PROCESAMIENTO LOCAL
Información de procesamiento local Inventariado, 2018/MFF
956 ## - LOCAL ELECTRONIC LOCATION AND ACCESS (OCLC)
Nombre de host Yngrid Lockward
Número de acceso 10
Trayectoria BPMSU
Nombre Electrónico 00144
Existencias
Withdrawn status Lost status Source of classification or shelving scheme Damaged status Not for loan Collection code Home library Current library Date acquired Source of acquisition Total Checkouts Barcode Date last seen Price effective from Koha item type
    Dewey Decimal Classification     Colección General Biblioteca Pública Metropolitana Salomé Ureña Biblioteca Pública Metropolitana Salomé Ureña 08/09/2016 Alfaguara   BPMSU16080129 08/09/2016 08/09/2016 Libros